000 00949cam a2200277 i 4500
001 38702
003 Mx-PuUPA
005 20240307101854.0
008 140415s2007 mx gr 000 0 spa d
020 _a9687303271
040 _cMx-PuUPA
_aMx-PuUPA
_bspa
_dMx-PuUPA
_erda
041 0 _aspa
100 1 _aEscobar Torres, Jorge,
_d1959-
_915468
_eautor
245 1 3 _aUn paradigma integral para la calidad en la educación /
_cJorge Escobar Torres
250 _aPrimera edición
264 1 _aEcatepec, Estado de México :
_bCentro de Estudios y Atención Psicológica,
_c2007
300 _a190 páginas ;
_c21 cm
336 _2rdacontent
_atexto
_btxt
337 _2rdamedia
_asin medio
_bn
338 _2rdacarrier
_avolumen
_bnc
650 7 _2armarc
_aEducación
_xPlanes de estudio
650 7 _2armarc
_aEducación
_xPlanificación
942 _2ddc
_cLI
_h371.207
_iE742
999 _c38702
_d38702